LEADER 01043nam a2200253 a 4500 001 000000067242 003 CaOOAMICUS 005 20140623115149.0 008 020206s1923 it u000 u ita r 035 $a10919588 040 $aPUL(R)$bita 100 0 $aFredegando d'Aversa,$cO.M.C.$0(OLS)http://pul/name/44933 245 12$aL'attivitą missionaria degli ordini mendicanti /$cp. Fredegando d'Anversa. 260 $aRoma :$bCollegio San Lorenzo da Brindisi,$c1923. 300 $a14 p. ;$c24 cm 500 $a"Estratto dal periodico "Il massaia", t. X, 1923". 504 $aBibliografia in nota. 650 4$aMissioni.$0(OLS)http://pul/subject/1309 650 4$aOrdini mendicanti.$0(OLS)http://pul/subject/14609 850 $aPUL 852 $aPUL$W1$xDP2 Filosofia 1$y62$m109 A 4$j86999$nBK-PRI$qStampati$B86999$CPULBib$Z2$F86999 $82 941 1 $a8 996 $6245$aL'attivitą missionaria degli ordini mendicanti$9(OLS)http://pul/title/89178 996 $6260$aRoma :$bCollegio San Lorenzo da Brindisi$9(OLS)http://pul/publisher/71631 LEADER 01359nam a2200313 a 4500 001 000000154157 003 CaOOAMICUS 005 20160921173205.0 008 160921s2007 it u000 u ita r 020 $a978-88-95448-00-8* 032 $aLibriCat 040 $aPUL$bita 245 00$aDiritto privato del mercato /$ca cura di Antonio Palazzo e Andrea Sassi. 260 $a[S.l. :$bs.n.],$c©2007. 300 $a659 p. ; $c24 cm. 490 1 $aUniversitą degli studi di Perugia. I Manuali di Diritto e Processo. 504 $aBibliografia in nota a pič pagina. 650 4$aDiritto privato$xStudi.$0(OLS)http://pul/subject/36591 700 1 $aSassi, Andrea.$0(OLS)http://pul/name/75608 700 1 $aPalazzo, Antonio.$0(OLS)http://pul/name/1851 710 2 $aUniversitą degli studi di Perugia.$0(OLS)http://pul/name/5263 830 2$aI manuali di Diritto e Processo (Universitą degli Studi di Perugia).$0(OLS)http://pul/title/193747 850 $aPUL 852 $aPUL$W1$xDP1 Fondo G. Barberini$y122$m4 E 59$j177212$qFondi$B180163$CPULBib$Z2$F180163 $HBar818 $81 941 1 $a1 996 $6020$a978-88-95448-00-8*$9(OLS)http://pul/number/161113 996 $6245$aDiritto privato del mercato$9(OLS)http://pul/title/193746 996 $6260$a[S.l. :$bs.n.]$9(OLS)http://pul/publisher/81594